|
|
|
|
| LEADER |
00000nab a2200000 a 4500 |
| 001 |
vtls000598005 |
| 003 |
SK-MaSNL |
| 005 |
20260319073506.0 |
| 008 |
160216c1996 xo 0 hun |
| 015 |
|
|
|a SNBRB19rr/mm-uuuuu
|
| 035 |
|
|
|a CL0598144
|
| 040 |
|
|
|a SNKBUCL
|b slo
|c SNKBUCL
|e AACR2
|
| 041 |
0 |
|
|a hun
|
| 044 |
|
|
|a xo
|c SK
|
| 080 |
|
|
|a 797.122.3.071.2
|2 1981
|
| 100 |
1 |
|
|a Kňazovický, Slavomír,
|d 1969-
|4 aut
|
| 245 |
1 |
0 |
|a Éremért zuhant a vízbe a zászlóvivő
|b Szlovákok az atlantai olimpiai dobogón: Slavomír Kňazovický
|c Slavomír Kňazovický, Károly Mészáros J.
|
| 300 |
|
|
|b Fotogr. 1
|
| 600 |
1 |
7 |
|a Kňazovický, Slavomír,
|d 1969-
|2 snkbucl
|
| 611 |
2 |
7 |
|a Letné olympijské hry
|n (26. :
|d 1996 :
|c Atlanta, Georgia)
|2 snkbucl
|9 162087
|
| 655 |
|
7 |
|a články z novín a časopisov
|2 snkbucl
|9 267496
|
| 700 |
1 |
|
|a Mészáros, Károly J.,
|d 1955-
|4 aut
|9 103301
|
| 773 |
0 |
|
|t Vasárnap
|g Roč. 29, č. 39 (1996), s. 16
|
| 850 |
|
|
|a Slovenská národná knižnica v Martine
|a DSG001
|
| 852 |
|
|
|a SNK
|b KIS3GCP
|
| 958 |
|
|
|a BX
|
| 992 |
|
|
|a RBX
|
| 999 |
|
|
|c 1614428
|d 1616358
|